[Event "Muensterland Verbandsklasse Gr1 2223"]
[Site "Germany"]
[Date "2022.11.19"]
[Round "3.1"]
[White "Mullink, Jochem"]
[Black "Voigt, Stefan"]
[Result "1-0"]
[WhiteElo "2144"]
[BlackElo "1794"]
[PlyCount "55"]
[EventDate "2022.09.17"]
[EventType "team-tourn"]
[EventRounds "5"]
[EventCountry "GER"]
[SourceTitle "EXT 2024"]
[Source "ChessBase"]
[SourceDate "2023.10.10"]
[SourceVersion "1"]
[SourceVersionDate "2023.10.10"]
[SourceQuality "1"]
[WhiteTeam "Stadtlohn"]
[BlackTeam "Hiltrup"]
[WhiteTeamCountry "GER"]
[BlackTeamCountry "GER"]

1. d4 d5 2. c4 e6 3. Nc3 f5 4. Nf3 Nf6 5. g3 Bd6 6. Bg2 c6 7. 0-0 0-0 8. Ne1 Nbd7 9. b3 b6 10. Nd3 Bb7 11. Bf4 Qe7 12. Rc1 Rac8 13. Bxd6 Qxd6 14. cxd5 exd5 15. e3 Ne4 16. Re1 Kh8 17. h4 Rf6 18. Nf4 Nf8 19. Qd3 Ne6 20. Nce2 Nxf4 21. Nxf4 Qe7 22. Rc2 Rff8 23. Rec1 Rfd8 24. Qd1 c5 25. Qh5 Qf6 26. dxc5 g6 27. Qh6 bxc5 28. h5 1-0

[Event "Muensterland Verbandsklasse 1920"]
[Site "Germany"]
[Date "2020.02.15"]
[Round "6.3"]
[White "Voigt, Stefan"]
[Black "Hussein, Zaman"]
[Result "1-0"]
[WhiteElo "1733"]
[BlackElo "1664"]
[PlyCount "49"]
[EventDate "2019.09.14"]
[EventType "team-tourn"]
[EventRounds "7"]
[EventCountry "GER"]
[SourceTitle "EXT 2023"]
[Source "ChessBase"]
[SourceDate "2022.10.05"]
[SourceVersion "1"]
[SourceVersionDate "2022.10.05"]
[SourceQuality "1"]
[WhiteTeam "Hiltrup"]
[BlackTeam "Duelmen II"]
[WhiteTeamCountry "GER"]
[BlackTeamCountry "GER"]

1. e4 c5 2. Nc3 Nc6 3. g3 d6 4. Bg2 g6 5. d3 Bg7 6. Be3 Nf6 7. h3 a6 8. Qd2 Qc7 9. Bh6 Bxh6 10. Qxh6 Bd7 11. Nge2 0-0-0 12. 0-0 Rdg8 13. Qd2 Ne5 14. f4 Nc6 15. Rab1 h5 16. Nd5 Qd8 17. Ne3 Be6 18. a3 h4 19. g4 Nh7 20. b4 cxb4 21. axb4 Nb8 22. b5 f6 23. bxa6 bxa6 24. Nd4 Bf7 25. Rxb8+ 1-0

[Event "Muensterland Verbandsklasse 1920"]
[Site "Germany"]
[Date "2019.11.16"]
[Round "3.3"]
[White "Voigt, Stefan"]
[Black "Miethe, Christoph"]
[Result "1-0"]
[WhiteElo "1733"]
[BlackElo "1771"]
[PlyCount "71"]
[EventDate "2019.09.14"]
[EventType "team-tourn"]
[EventRounds "7"]
[EventCountry "GER"]
[SourceTitle "EXT 2023"]
[Source "ChessBase"]
[SourceDate "2022.10.05"]
[SourceVersion "1"]
[SourceVersionDate "2022.10.05"]
[SourceQuality "1"]
[WhiteTeam "Hiltrup"]
[BlackTeam "Rheine Klein Berlin II"]
[WhiteTeamCountry "GER"]
[BlackTeamCountry "GER"]

1. e4 e5 2. Nf3 Nf6 3. Nc3 Nc6 4. d4 Bb4 5. d5 Bxc3+ 6. bxc3 Nb8 7. Bd3 d6 8. h3 Nbd7 9. Be3 c5 10. 0-0 a6 11. c4 0-0 12. Nd2 Rb8 13. Qe2 h6 14. f4 exf4 15. Bxf4 Ne5 16. Nf3 Re8 17. Nxe5 dxe5 18. Be3 Qe7 19. Qf2 Nd7 20. Rab1 f6 21. Be2 Rf8 22. Bg4 b6 23. Qh4 b5 24. Qf2 Rd8 25. Bxd7 Bxd7 26. Bxc5 Qf7 27. Bb6 Re8 28. c5 Qg6 29. Qe3 f5 30. exf5 Bxf5 31. d6 Be4 32. Rf2 Bc6 33. Rbf1 Kh7 34. Qd2 Qe6 35. Rf7 Bd7 36. Bc7 1-0

[Event "Muensterland Verbandsklasse 1819"]
[Site "Germany"]
[Date "2019.05.18"]
[Round "9.2"]
[White "Voigt, Stefan"]
[Black "Waeltermann, Thomas"]
[Result "1-0"]
[WhiteElo "1745"]
[BlackElo "1747"]
[PlyCount "57"]
[EventDate "2018.09.15"]
[EventType "team-tourn"]
[EventRounds "9"]
[EventCountry "GER"]
[SourceTitle "EXT 2020"]
[Source "ChessBase"]
[SourceDate "2019.10.17"]
[SourceVersion "1"]
[SourceVersionDate "2019.10.17"]
[SourceQuality "1"]
[WhiteTeam "Hiltrup"]
[BlackTeam "Beelen II"]
[WhiteTeamCountry "GER"]
[BlackTeamCountry "GER"]

1. e4 c5 2. Nc3 d6 3. g3 Nc6 4. Bg2 g6 5. d3 Bg7 6. Be3 e6 7. Qd2 Nge7 8. Bh6 0-0 9. h4 f5 10. Bxg7 Kxg7 11. h5 Rh8 12. Nf3 e5 13. 0-0-0 Be6 14. hxg6 hxg6 15. Rxh8 Qxh8 16. Rh1 Qg8 17. Qh6+ Kf7 18. Nb5 Rd8 19. Ng5+ Kf6 20. Qh4 Kg7 21. Qh6+ Kf6 22. b3 a6 23. Nc7 Bd7 24. Nd5+ Nxd5 25. exd5 Ne7 26. Qh4 Nxd5 27. Bxd5 Qxd5 28. Nh7+ Kg7 29. Qf6+ 1-0

[Event "Muensterland Verbandsklasse 1819"]
[Site "Germany"]
[Date "2019.04.06"]
[Round "8.3"]
[White "Voigt, Stefan"]
[Black "Fischer, Andreas3333"]
[Result "0-1"]
[WhiteElo "1745"]
[BlackElo "1917"]
[PlyCount "49"]
[EventDate "2018.09.15"]
[EventType "team-tourn"]
[EventRounds "9"]
[EventCountry "GER"]
[SourceTitle "EXT 2020"]
[Source "ChessBase"]
[SourceDate "2019.10.17"]
[SourceVersion "1"]
[SourceVersionDate "2019.10.17"]
[SourceQuality "1"]
[WhiteTeam "Hiltrup"]
[BlackTeam "Saerbeck"]
[WhiteTeamCountry "GER"]
[BlackTeamCountry "GER"]

1. e4 d5 2. exd5 Qxd5 3. Nc3 Qa5 4. d4 c6 5. Bd2 Bf5 6. g4 Be6 7. Bg2 Qd8 8. g5 g6 9. Nge2 Bg4 10. f3 Bf5 11. Ne4 Na6 12. Bc3 Bg7 13. Qd2 Bxe4 14. fxe4 e5 15. d5 h6 16. h4 hxg5 17. hxg5 Rxh1+ 18. Bxh1 Qd7 19. Qe3 c5 20. a3 Qd6 21. Qf3 Ne7 22. Bg2 f5 23. gxf6 Qxf6 24. Qxf6 Bxf6 25. Nf4 0-1

[Event "Muensterland Verbandsklasse 1819"]
[Site "Germany"]
[Date "2019.02.09"]
[Round "6.3"]
[White "Binger, Friedhelm"]
[Black "Voigt, Stefan"]
[Result "1/2-1/2"]
[WhiteElo "1716"]
[BlackElo "1745"]
[PlyCount "33"]
[EventDate "2018.09.15"]
[EventType "team-tourn"]
[EventRounds "9"]
[EventCountry "GER"]
[SourceTitle "EXT 2020"]
[Source "ChessBase"]
[SourceDate "2019.10.17"]
[SourceVersion "1"]
[SourceVersionDate "2019.10.17"]
[SourceQuality "1"]
[WhiteTeam "Gronau II"]
[BlackTeam "Hiltrup"]
[WhiteTeamCountry "GER"]
[BlackTeamCountry "GER"]

1. e4 c5 2. Nf3 e6 3. d4 cxd4 4. Nxd4 Bc5 5. Nb3 Bb6 6. Nc3 Ne7 7. Bc4 0-0 8. 0-0 f5 9. Bd3 fxe4 10. Nxe4 d5 11. Ng5 h6 12. Nf3 Nbc6 13. Qe2 Qd6 14. c4 a5 15. a4 Ba7 16. Bd2 Bb8 17. g3 1/2-1/2

[Event "Muensterland Verbandsklasse 1718"]
[Site "Germany"]
[Date "2017.09.16"]
[Round "1.3"]
[White "Voigt, Stefan"]
[Black "Kasubke, Manfred"]
[Result "1/2-1/2"]
[WhiteElo "1801"]
[BlackElo "1847"]
[PlyCount "53"]
[EventDate "2017.09.16"]
[EventType "team-tourn"]
[EventRounds "9"]
[EventCountry "GER"]
[SourceTitle "EXT 2019"]
[Source "ChessBase"]
[SourceDate "2018.10.10"]
[SourceVersion "1"]
[SourceVersionDate "2018.10.10"]
[SourceQuality "1"]
[WhiteTeam "Hiltrup"]
[BlackTeam "Nordwalde"]
[WhiteTeamCountry "GER"]
[BlackTeamCountry "GER"]

1. e4 Nf6 2. e5 Nd5 3. d4 d6 4. Nf3 dxe5 5. Nxe5 c6 6. Be2 g6 7. 0-0 Bg7 8. c4 Nf6 9. Nc3 0-0 10. Bg5 h6 11. Be3 Bf5 12. Qd2 Kh7 13. Rad1 Nbd7 14. Nf3 Ne4 15. Nxe4 Bxe4 16. Rfe1 Nb6 17. b3 e6 18. Ne5 f6 19. Nd3 Bxd3 20. Bxd3 f5 21. Bb1 Qd7 22. a4 Rad8 23. a5 Nc8 24. b4 Nd6 25. Qc1 Ne8 26. Qd2 Nd6 27. Qc1 1/2-1/2